000 00657nam a2200181 i 4500
001 109041
003 ES-MaACL
005 20230906184750.0
007 t|
008 061121s1965 sp r ||||1| spa d
100 1 _aOliver, Bernardo.
_986805
245 1 3 _aEl tratado ` Contra caecitatem iudaeorum` /
_cde fray Bernardo Oliver ; Edición crítica y biobibliográfica por Francisco Cantero Burgos.
260 _aMadrid [etc.] :
_bInstituo Arias Montano,
_c1965.
300 _aVIII, 150 p. 6 lám. ;
_c23 cm.
650 4 _aJudaísmo-
_vObras de controversia.
_913970
700 1 _aCantera Burgos, Francisco.
_934642
852 _aES-MaACL
_jC-29584
_bR.59905
999 _c109041
_d109041